Стохастическое описание аномальных геофизических полей и ошибок их картографирования

Opis bibliograficzny
Korporacja: Центральный научно-исследовательский институт "РУМБ"
Kolejni autorzy: Дмитриев С. П. (составитель), Шимилевич Л. И.
Język:rosyjski
Wydane: Ленинград, Изд-во ЦНИИ Румб, 1985
Hasła przedmiotowe:
Format: MixedMaterials Książka
KOHA link:https://koha.lib.tpu.ru/cgi-bin/koha/opac-detail.pl?biblionumber=275235

MARC

LEADER 00000nam0a2200000 4500
001 275235
005 20231101234814.0
035 |a (RuTPU)RU\TPU\book\298468 
090 |a 275235 
100 |a 20141112d1985 km y0rusy50 ca 
101 0 |a rus 
102 |a RU 
105 |a y z 001zy 
200 1 |a Стохастическое описание аномальных геофизических полей и ошибок их картографирования  |f Центральный научно-исследовательский институт "РУМБ" ; сост. С. П. Дмитриев ; Л. И. Шимилевич 
210 |a Ленинград  |c Изд-во ЦНИИ Румб  |d 1985 
215 |a 60 с. 
320 |a Библиогр.: с. 59 
606 1 |a Геологические карты  |2 stltpush  |3 (RuTPU)RU\TPU\subj\6050  |9 34014 
610 1 |a геофизические поля 
610 1 |a стохастическое описание 
610 1 |a ошибки 
675 |a 550.8:528  |v 4 
702 1 |a Дмитриев  |b С. П.  |4 220 
702 1 |a Шимилевич  |b Л. И.  |4 220 
712 0 2 |a Центральный научно-исследовательский институт "РУМБ"  |2 stltpush  |3 (RuTPU)RU\TPU\col\11283  |9 25018 
801 1 |a RU  |b 63413507  |c 20141112 
801 2 |a RU  |b 63413507  |c 20170329  |g RCR 
942 |c BK